000 00804nam a2200205 a 4500
003 0
005 20250328123441.0
008 071127s19uu xx 00 eng d
050 _aPHS LB 1049
_b.Y65 2007
100 _aYokoyama, Aimee A.
245 _aStudy habits of Southville International School students and Fukugawa High School students /
_cAimee A. Yokoyama.
260 _aLas PiƱas City, Philippines :
_bSouthville International School and Colleges,
_c2007.
300 _avarious pagination :
_billustrations ;
_c28 cm.
504 _aIncludes bibliographical references.
650 _aHigh school students
_xStudy habits.
650 _aEducation
_xCross-cultural comparisons.
650 _aStudents
_zJapan
_xStudy habits.
650 _aStudents
_zPhilippines
_xStudy habits.
942 _2lcc
_cPASS
999 _c97892
_d97892